书目信息 |
| 题名: |
建筑结构抗震设计
|
|
| 作者: | 张荣兰 , 陈桂平 主编 | |
| 分册: | ||
| 出版信息: | 北京 中国建筑工业出版社 2018.12 |
|
| 页数: | ||
| 开本: | 26cm | |
| 丛书名: | ||
| 单 册: | ||
| 中图分类: | TU973 | |
| 科图分类: | ||
| 主题词: | 高层建筑--高层结构 , 高层结构 | |
| 电子资源: | ||
| ISBN: | 978-7-112-23033-4 | |
| 000 | 00768nam0 2200229 450 | |
| 001 | 1960228921 | |
| 005 | 20190307164712.92 | |
| 010 | @a978-7-112-23033-4@dCNY42.00 | |
| 100 | @a20190307d2018 km y0chiy0120 ea | |
| 101 | 0 | @achi |
| 102 | @aCN@b110000 | |
| 200 | 1 | @a建筑结构抗震设计@AJian Zhu Jie Gou Kang Zhen She Ji@f张荣兰, 陈桂平主编@FZhang Rong Lan,Chen Gui Ping Zhu Bian |
| 210 | @a北京@c中国建筑工业出版社@d2018.12 | |
| 215 | @d26cm | |
| 300 | @a高校土木工程专业规划教材,高等学校土木工程专业"十三五"规划教材 | |
| 606 | 0 | @a高层建筑@x高层结构 |
| 606 | 0 | @a高层结构 |
| 690 | @aTU973@v4 | |
| 701 | 0 | @a张荣兰@AZhang Rong Lan@4主编 |
| 701 | 0 | @a陈桂平@AChen Gui Ping@4主编 |
| 801 | 0 | @aCN@b大连网信软件有限公司图书馆·11@c20190307 |
| 905 | @aZUCC@dTU973@eZ153 | |
| 建筑结构抗震设计/张荣兰, 陈桂平主编.-北京:中国建筑工业出版社,2018.12 |
| 26cm |
| 高校土木工程专业规划教材,高等学校土木工程专业"十三五"规划教材 |
| ISBN 978-7-112-23033-4:CNY42.00 |
| ● |
| 相关链接 |
|
|
|
正题名:建筑结构抗震设计
索取号:TU973/Z153
 
预约/预借
| 序号 | 登录号 | 条形码 | 馆藏地/架位号 | 状态 | 备注 |
| 1 | 1243713 | 212437139 | 建筑库201/201建筑库 88排1列2层/ [索取号:TU973/Z153] | 在馆 |